000
00250nam a2200109Ia 4500
999
_c
8002
_d
8002
020
_a
978-0735619050
100
_a
Michael Halvorson
245
0
_a
Step By Step Microsoft Visual Basic
260
_a
usa
_b
McGraw Hill
_c
2000
300
_a
705
942
_c
BK